000 01162cab a2200289 4500
001 ABS55282
008 090401t1996 xxu||||| |||| 00| 0 eng d
035 _a(Sirsi) u15430
041 _aeng
100 _aBadger, W
245 4 _aThe top ten lessons learned in construction contracting
260 _c1996
350 _a0
490 _aCost Engineering
_v38(5) May 1996, 20-24(5)
520 _aThe results of research into construction contracting `trade secrets`. The interviews with ten categories of professionals in the construction industry revealed the following to be the top ten lessons learned: documentation, tried and tested contracts, an arbitration clause, a payment clause, dealing with reputable firms, a review of the contract, change orders and ethical conduct.
650 _aARBITRATION CLAUSES
650 _aCHANGE ORDERS
650 _aBUILT ENVIRONMENT-BUILDING CONTRACT FORMS
650 _aCONSTRUCTION INDUSTRY
650 _aCONTRACTORS
650 _aPAYMENT CLAUSES
650 _aPROFESSIONAL ETHICS
690 _aBUILT ENVIRONMENT-BUILDING CONTRACT FORMS
700 _aGay, S.
942 _n0
948 _c04/03/1997
999 _c10118
_d10118